अजपा जप एवं चिदाकाश धारणा / (Record no. 214928)

MARC details
000 -LEADER
fixed length control field 00886nam a22001817a 4500
005 - DATE AND TIME OF LATEST TRANSACTION
control field 20260226120645.0
010 ## - LCCN (DPL NO)
LC control number HIN-130298
020 ## - INTERNATIONAL STANDARD BOOK NUMBER
Terms of availability 315.00
International Standard Book Number 9789381620083
035 ## - SYSTEM CONTROL NUMBER
System control number HN-102644
037 ## - SOURCE OF ACQUISITION
Source of stock number/acquisition DBAD
082 ## - DEWEY DECIMAL CLASSIFICATION NUMBER
Classification number 181.432
100 ## - MAIN ENTRY--PERSONAL NAME
Personal name सत्यानन्द सरस्वती
245 ## - TITLE STATEMENT
Title अजपा जप एवं चिदाकाश धारणा /
Statement of responsibility, etc सत्यानन्द सरस्वती
260 ## - PUBLICATION, DISTRIBUTION, ETC. (IMPRINT)
Place of publication, distribution, etc बिहार
Name of publisher, distributor, etc योग पब्लिकेशन्स ट्रस्ट,
Date of publication, distribution, etc 2012
270 ## - ADDRESS
Address योग पब्लिकेशन्स ट्रस्ट, गरुण विष्णु गंगा दर्शन ;फोर्ट मुंगेर बिहार ,
City बिहार
Postal code 110002
300 ## - PHYSICAL DESCRIPTION
Extent 69 पृ.
Dimensions 22 सेमी (अजिल्द )
942 ## - ADDED ENTRY ELEMENTS (KOHA)
Source of classification or shelving scheme Dewey Decimal Classification
Item type Hindi Books
Classification part 181.432
Call number suffix SAR
Holdings
Withdrawn status Lost status Not for loan Collection code Home library Current library Date acquired Source of acquisition Cost, normal purchase price Full call number Barcode Copy number Cost, replacement price Koha item type
    Not For Loan Non-fiction D.B.Act.Division D.B.Act.Division 26/02/2026 DBAD 315.00 181.432 SAR HN-102644 प्रथम 315.00 Hindi Books

© Delhi Public Library
Hit Counter
free hit counter